LEADER 01438nam0 22002893i 450 001 SUN0132950 005 20210331111405.670 010 $a8-88-916-4453-4$d0.00 100 $a20210331d2020 |0itac50 ba 101 $aita 102 $aIT 105 $a|||| ||||| 200 1 $a*Associazioni sportive dilettantistiche (ASD) e società sportive (SSD)$eaggiornato con Decreto rilancio (D.L$h34/2020)$iDecreto liquidità (D.L$h23/2020)$iDecreto cura Italia (D.L$h18/2020) e con tutte le disposizioni normative approvate entro il 30 novembre 2020 (aggiornamenti online)$fCinzia De Stefanis, Antonio Quercia, Luigi Quercia 205 $a12. ed 210 $aSantarcangelo di Romagna$cMaggioli$d2020 215 $a612 p.$d24 cm 410 1$1001SUN0001316$12001 $aProfessionisti & imprese$v139$1210 $aSantarcangelo di Romagna$cMaggioli. 620 $dSantarcangelo di Romagna$3SUNL000123 700 1$aDe Stefanis$b, Cinzia$3SUNV017207$0267953 701 1$aQuercia$b, Luigi$3SUNV054522$0414273 701 1$aQuercia$b, Antonio$3SUNV101551$0524401 712 $aMaggioli$3SUNV000144$4650 801 $aIT$bSOL$c20210405$gRICA 912 $aSUN0132950 950 $aUFFICIO DI BIBLIOTECA DEL DIPARTIMENTO DI GIURISPRUDENZA$d00CONS IV.Eol.16 $e00 132950 20210331 996 $aAssociazioni sportive dilettantistiche (ASD) e società sportive (SSD)$91770466 997 $aUNICAMPANIA LEADER 01003nas 2200361 c 450 001 996208375603316 005 20171201191950.0 035 $a(CKB)1000000000525781 035 $a(OCoLC)643922034 035 $a(DE-101)978459229 035 $a(DE-599)ZDB2221275-9 035 $a(EXLCZ)991000000000525781 100 $a20060208b20052011 |y | 101 0 $ager 135 $aur||||||||||| 181 $ctxt$2rdacontent 182 $cc$2rdamedia 183 $acr$2rdacarrier 200 10$aMitteilungen / Sonderforschungsbereich 573, Pluralisierung und Autorita?t in der Fru?hen Neuzeit, 15. - 17. Jahrhundert 210 31$aMu?nchen$d2005-2011 215 $aOnline-Ressource 300 $aGesehen am 25.10.11 311 $a1860-6717 517 $aMitteilungen 608 $aZeitschrift$2gnd-content 676 $a940 801 0$b0019 801 1$bDE-101 801 2$b9999 906 $aJOURNAL 912 $a996208375603316 996 $aMitteilungen$91921076 997 $aUNISA